| 000 | 01114nam a22002537a 4500 | ||
|---|---|---|---|
| 005 | 20170124103124.0 | ||
| 010 | _aA-988768 | ||
| 020 | _c250.00 | ||
| 035 | _aA-988768 | ||
| 037 | _bCen Lib / Ret | ||
| 040 |
_aDPL _bHN |
||
| 082 |
_a363.2 _bशिशिर |
||
| 100 |
_aशिशिर कुमार सिंह _94285 |
||
| 245 |
_aभारतीय पुलिस और जनता / _cशिशिर कुमार सिंह |
||
| 246 |
_aBhartiya police aur janta / _bby Shishir Kumar SIngh |
||
| 260 |
_aनयी दिल्ली _bझारिसन प्रेस एंड पुब्लिकेशन _c1999 |
||
| 270 |
_bनयी दिल्ली _aऍफ़-3/16, अनासरी रोड, दरियागंज _e110002 |
||
| 300 |
_a223पृ. _c20सेमी (सजिल्द) |
||
| 650 |
_aपुलिस विभाग _982639 |
||
| 650 |
_aमानव अधिकार--पुलिस _92817 |
||
| 650 |
_aPolice Department _982640 |
||
| 650 |
_aHuman rights - police _982641 |
||
| 942 |
_2ddc _cHN _h363.2 _mशिशिर |
||
| 999 |
_c118947 _d118947 |
||